| Tag |
First Indicator |
Second Indicator |
Subfields |
| LEADER |
00000cam a2200000 4500 |
| 001 |
in00000046494 |
| 005 |
20151007073230.0 |
| 008 |
750312m19059999mauaf 00000 engmu |
| 010 |
|
|
|a 05014831
|
| 035 |
|
|
|a (OCoLC)01212961
|
| 035 |
|
|
|9 AAE9366AM
|
| 040 |
|
|
|c SNN
|d TXA
|d UtOrBLW
|
| 049 |
|
|
|a TXAM
|v 1 [78961]
|v 2 [78962]
|
| 050 |
0 |
0 |
|a QK495.O64
|b O6
|
| 092 |
|
|
|a 584.15
|b O64
|
| 245 |
0 |
0 |
|a Orchidace :
|b illustrations and studies of the family Orchidace /
|c issuing from the Ames botanical laboratory, North Easton, Massachusetts. fasc.
|
| 264 |
|
1 |
|a Boston,
|a New York :
|b Houghton, Mifflin and company,
|c 1905-
|
| 300 |
|
|
|a volumes :
|b illustrations, plates. ;
|c 26 cm.
|
| 336 |
|
|
|a text
|b txt
|2 rdacontent
|
| 337 |
|
|
|a unmediated
|b n
|2 rdamedia
|
| 338 |
|
|
|a volume
|b nc
|2 rdacarrier
|
| 500 |
|
|
|a Fascicle 1, by Oakes Ames.
|
| 650 |
|
0 |
|a Orchids.
|
| 700 |
1 |
|
|a Ames, Oakes,
|d 1874-1950.
|
| 710 |
2 |
|
|a Ames Botanical Laboratory, North Easton, Mass.
|
| 999 |
|
|
|a MARS
|
| 999 |
f |
f |
|s 80232a38-adc4-35e0-aed5-ba76b24909e2
|i a56a8156-f57f-31b3-8e27-345b796213ca
|t 0
|
| 952 |
f |
f |
|p ric
|a Texas A&M University
|b Rellis Campus
|c Joint Library Facility
|d Remote Storage
|t 0
|e QK495.O64 O6
|h Library of Congress classification
|i unmediated -- volume
|k fas.2
|m A14800996591
|
| 952 |
f |
f |
|p ric
|a Texas A&M University
|b Rellis Campus
|c Joint Library Facility
|d Remote Storage
|t 0
|e QK495.O64 O6
|h Library of Congress classification
|i unmediated -- volume
|k fas.1
|m A14800996583
|
| 998 |
f |
f |
|a QK495.O64 O6
|s fas.1-fas.2
|t 0
|l Remote Storage
|